[Event "FAI-ch Junior Gr A"]
[Site "Torshavn"]
[Date "2003.02.16"]
[Round "5"]
[White "Liitiainen, Elia"]
[Black "Bergsson, Stefan"]
[Result "1-0"]
[WhiteElo "2216"]
[BlackElo "2021"]
[PlyCount "49"]
[EventDate "2003.02.14"]
[EventType "swiss"]
[EventRounds "6"]
[EventCountry "FAI"]
[SourceTitle "EXT 2024"]
[Source "ChessBase"]
[SourceDate "2023.10.10"]
[SourceVersion "1"]
[SourceVersionDate "2023.10.10"]
[SourceQuality "1"]

1. e4 e5 2. Nf3 Nc6 3. Bb5 a6 4. Bxc6 dxc6 5. 0-0 f6 6. d4 Bg4 7. c3 Bxf3 8. Qxf3 Bd6 9. Rd1 Qe7 10. Be3 0-0-0 11. Nd2 h5 12. Nc4 Kb8 13. Rd2 Nh6 14. dxe5 fxe5 15. Qxh5 Rdf8 16. Nxd6 cxd6 17. Rad1 Nf7 18. Qg6 Rh4 19. Rxd6 Rfh8 20. Rd7 Rxh2 21. Kf1 Qh4 22. Rxb7+ Kxb7 23. Qxf7+ Kc8 24. Qd7+ Kb8 25. Ba7+ 1-0

[Event "FAI-ch Junior Gr A"]
[Site "Torshavn"]
[Date "2003.02.15"]
[Round "3"]
[White "Norberg, Johan"]
[Black "Liitiainen, Elia"]
[Result "1-0"]
[WhiteElo "2153"]
[BlackElo "2216"]
[PlyCount "83"]
[EventDate "2003.02.14"]
[EventType "swiss"]
[EventRounds "6"]
[EventCountry "FAI"]
[SourceTitle "EXT 2024"]
[Source "ChessBase"]
[SourceDate "2023.10.10"]
[SourceVersion "1"]
[SourceVersionDate "2023.10.10"]
[SourceQuality "1"]

1. e4 c5 2. Nf3 d6 3. c3 Nf6 4. h3 Nc6 5. Bd3 e6 6. Bc2 Be7 7. 0-0 0-0 8. Re1 b6 9. d4 cxd4 10. cxd4 Ba6 11. Nc3 d5 12. e5 Nd7 13. a3 Rc8 14. b4 Ncxe5 15. dxe5 Rxc3 16. Bb2 Rc8 17. Nd4 Re8 18. f4 Bf8 19. f5 Qh4 20. fxe6 fxe6 21. Nf3 Qg3 22. Qd2 Be7 23. Bd4 Rf8 24. Bf2 Qf4 25. Be3 Qf7 26. Bg5 h6 27. Bxe7 Qxe7 28. Nd4 Bc4 29. Re3 Rf4 30. Rg3 Rcf8 31. Qe3 Kh8 32. Rg6 Rf1+ 33. Rxf1 Rxf1+ 34. Kh2 Nf8 35. Rg4 Rf7 36. Nf3 Qc7 37. Bg6 Nxg6 38. Rxg6 Qe7 39. Nd4 Qh4 40. Nxe6 Qe4 41. Qg3 Qb1 42. Rxg7 1-0

[Event "Heart of Finland op 13th"]
[Site "Jyvaskyla"]
[Date "2003.??.??"]
[Round "8"]
[White "Maki Uuro, Miika"]
[Black "Liitiainen, Elia"]
[Result "1-0"]
[WhiteElo "2373"]
[BlackElo "2216"]
[PlyCount "72"]
[EventDate "2003.07.09"]
[EventType "swiss"]
[EventRounds "9"]
[EventCountry "FIN"]
[SourceTitle "EXT 2005"]
[Source "ChessBase"]
[SourceDate "2004.11.15"]
[SourceVersion "1"]
[SourceVersionDate "2004.11.15"]
[SourceQuality "1"]

1. d4 d6 2. g3 g6 3. Bg2 Bg7 4. Nf3 Nd7 5. 0-0 c5 6. c4 Ngf6 7. Nc3 0-0 8. b3 Rb8 9. Bb2 b6 10. e4 Bb7 11. Re1 cxd4 12. Nxd4 Re8 13. Nd5 a6 14. Rc1 Ba8 15. Qd2 e5 16. Nxf6+ Bxf6 17. Nc2 Bg5 18. Ne3 Nc5 19. Qc2 Qe7 20. Rcd1 Bxe3 21. Rxe3 Rbc8 22. Ree1 Red8 23. Qe2 Bb7 24. h4 f5 25. exf5 Bxg2 26. Kxg2 gxf5 27. Qf3 Qb7 28. Rd5 Qf7 29. Red1 Nb7 30. Qe3 f4 31. gxf4 Qh5 32. fxe5 dxe5 33. Rxd8+ Nxd8 34. Qxe5 Qg4+ 35. Qg3 Qxg3+ 36. Kxg3 Nf7 1-0

[Event "Helsinki ShakkiNet-B 4th"]
[Site "Helsinki"]
[Date "2002.07.04"]
[Round "11"]
[White "Kilpela, Panu"]
[Black "Liitiainen, Elia"]
[Result "1/2-1/2"]
[WhiteElo "2139"]
[BlackElo "2164"]
[PlyCount "44"]
[EventDate "2002.06.24"]
[EventType "tourn"]
[EventRounds "11"]
[EventCountry "FIN"]
[SourceTitle "CBM 089 Extra"]
[Source "ChessBase"]
[SourceDate "2002.09.10"]
[SourceVersion "2"]
[SourceVersionDate "2002.09.10"]
[SourceQuality "1"]

1. e4 c5 2. Nf3 d6 3. d4 cxd4 4. Nxd4 Nc6 5. c4 Qb6 6. Nc2 Nf6 7. f3 e6 8. Nc3 Be7 9. Rb1 0-0 10. Be3 Qc7 11. Qd2 a6 12. Be2 Ne5 13. b3 b6 14. 0-0 Bb7 15. Rfc1 Rac8 16. Na4 Ned7 17. Qb4 Bc6 18. Bxb6 Nxb6 19. Qxb6 Bxa4 20. Qxc7 Rxc7 21. bxa4 Nd7 22. Na1 Nc5 1/2-1/2

[Event "Helsinki ShakkiNet-B 4th"]
[Site "Helsinki"]
[Date "2002.06.28"]
[Round "5"]
[White "Liitiainen, Elia"]
[Black "Karlsen, Terje"]
[Result "1-0"]
[WhiteElo "2164"]
[BlackElo "2121"]
[PlyCount "69"]
[EventDate "2002.06.24"]
[EventType "tourn"]
[EventRounds "11"]
[EventCountry "FIN"]
[SourceTitle "CBM 089 Extra"]
[Source "ChessBase"]
[SourceDate "2002.09.10"]
[SourceVersion "2"]
[SourceVersionDate "2002.09.10"]
[SourceQuality "1"]

1. Nf3 c5 2. c4 Nf6 3. Nc3 d5 4. cxd5 Nxd5 5. g3 Nc6 6. Bg2 Nc7 7. 0-0 e5 8. d3 Be7 9. Nd2 Bd7 10. Nc4 f6 11. a4 Ne6 12. Nd5 0-0 13. f4 exf4 14. gxf4 f5 15. Bd2 Rf7 16. Nxe7+ Qxe7 17. Bc3 Rc8 18. Kh1 b6 19. e3 Rd8 20. Qb3 Be8 21. Rad1 Kh8 22. Rg1 Nc7 23. Ne5 Nxe5 24. Bxe5 Qe6 25. Qc3 Bc6 26. e4 Kg8 27. exf5 Bxg2+ 28. Rxg2 Qd7 29. Bxg7 h5 30. Bf6+ Kh7 31. Bxd8 Qxd8 32. Rdg1 Qd5 33. Qe1 Qxd3 34. Qh4 Qf3 35. Qg5 1-0

[Event "Helsinki ShakkiNet-B 4th"]
[Site "Helsinki"]
[Date "2002.06.25"]
[Round "2"]
[White "Paronen, Petteri"]
[Black "Liitiainen, Elia"]
[Result "1/2-1/2"]
[WhiteElo "2224"]
[BlackElo "2164"]
[PlyCount "70"]
[EventDate "2002.06.24"]
[EventType "tourn"]
[EventRounds "11"]
[EventCountry "FIN"]
[SourceTitle "CBM 089 Extra"]
[Source "ChessBase"]
[SourceDate "2002.09.10"]
[SourceVersion "2"]
[SourceVersionDate "2002.09.10"]
[SourceQuality "1"]

1. e4 d6 2. d4 Nf6 3. Nc3 g6 4. Bg5 Bg7 5. Qd2 h6 6. Bh4 g5 7. Bg3 Nh5 8. Nge2 Nd7 9. f3 Nxg3 10. Nxg3 Nf6 11. 0-0-0 e6 12. Kb1 Qe7 13. Be2 c6 14. a3 Bd7 15. Na2 0-0-0 16. c4 Kb8 17. h4 gxh4 18. Rxh4 e5 19. dxe5 dxe5 20. Qd6+ Qxd6 21. Rxd6 Kc7 22. Rd1 Be6 23. Rhh1 Rxd1+ 24. Rxd1 Rd8 25. Rxd8 Kxd8 26. Nc3 Bf8 27. Kc2 Nd7 28. a4 Nc5 29. Nf5 a5 30. g4 f6 31. b3 Bf7 32. Nd1 b5 33. axb5 cxb5 34. Nc3 b4 35. Nd5 Bxd5 1/2-1/2

[Event "NOR-ch U18 int"]
[Site "Lysaker"]
[Date "2002.03.25"]
[Round "4"]
[White "Liitiainen, Elia"]
[Black "Hansen, Linda Marie"]
[Result "1/2-1/2"]
[WhiteElo "2190"]
[BlackElo "1479"]
[PlyCount "97"]
[EventDate "2002.03.23"]
[EventType "team"]
[EventRounds "7"]
[EventCountry "NOR"]
[SourceTitle "CBM 087 Extra"]
[Source "ChessBase"]
[SourceDate "2002.05.03"]
[SourceVersion "2"]
[SourceVersionDate "2002.08.09"]
[SourceQuality "1"]

1. a3 d5 2. h3 c5 3. Nf3 Nc6 4. g3 Nf6 5. Bg2 e6 6. 0-0 Bd6 7. b3 0-0 8. c4 d4 9. d3 h6 10. Nbd2 Qc7 11. Bb2 b6 12. b4 Rb8 13. b5 Ne7 14. a4 Bb7 15. a5 Ra8 16. a6 Bxf3 17. Nxf3 e5 18. e4 Ng6 19. Bc1 Kh7 20. Nh2 Rae8 21. Ng4 Be7 22. f4 Nxg4 23. Qxg4 Bf6 24. f5 Ne7 25. Qh5 Ng8 26. h4 Qe7 27. Kf2 g6 28. Qg4 Bg7 29. Ke2 h5 30. Qf3 Bh6 31. Kd1 Bxc1 32. Kxc1 Nh6 33. Bh3 Rg8 34. Kb2 Qf8 35. Kb3 Qg7 36. Rf2 f6 37. Rg1 Qf7 38. fxg6+ Qxg6 39. Qxf6 Qxf6 40. Rxf6 Rgf8 41. Rgf1 Kg7 42. Rxf8 Rxf8 43. Rxf8 Kxf8 44. Kc2 Ng4 45. Kd2 Kf7 46. Ke2 Nh2 47. Bf5 Kg7 48. Kf2 Kh6 49. Kg2 1/2-1/2

[Event "Nordic School-ch U20"]
[Site "Tjele"]
[Date "2002.02.16"]
[Round "5"]
[White "Lund, Martin"]
[Black "Liitiainen, Elia"]
[Result "0-1"]
[WhiteElo "1851"]
[BlackElo "2190"]
[PlyCount "44"]
[EventDate "2002.02.14"]
[EventType "swiss"]
[EventRounds "6"]
[EventCountry "DEN"]
[SourceTitle "EXT 2022"]
[Source "ChessBase"]
[SourceDate "2021.10.06"]
[SourceVersion "1"]
[SourceVersionDate "2021.10.06"]
[SourceQuality "1"]

1. d4 Nf6 2. Nf3 e6 3. Bg5 d5 4. Nbd2 c5 5. c3 Be7 6. e3 Nbd7 7. Bd3 b6 8. 0-0 Bb7 9. c4 cxd4 10. Nxd4 0-0 11. a3 Ne5 12. Be2 dxc4 13. Bxc4 Nxc4 14. Nxc4 Qd5 15. Qf3 Ba6 16. b3 Qxg5 17. Nc6 Bc5 18. Rac1 Bxc4 19. Rxc4 Qd5 20. Qxd5 exd5 21. Rc2 Rfc8 22. Ne5 Bxa3 0-1

[Event "Helsinki We HSL op"]
[Site "Helsinki"]
[Date "2002.??.??"]
[Round "1"]
[White "Liitiainen, Elia"]
[Black "Hurme, Harri M"]
[Result "1/2-1/2"]
[WhiteElo "2190"]
[BlackElo "2220"]
[PlyCount "107"]
[EventDate "2002.03.??"]
[EventType "swiss"]
[EventRounds "7"]
[EventCountry "FIN"]
[SourceTitle "EXT 2004"]
[Source "ChessBase"]
[SourceDate "2003.11.25"]
[SourceVersion "1"]
[SourceVersionDate "2003.11.25"]
[SourceQuality "1"]

1. e4 c5 2. Nc3 g6 3. g3 Nc6 4. Bg2 Bg7 5. d3 e6 6. Be3 b6 7. Qd2 Bb7 8. 0-0-0 Nge7 9. Bh6 Bxh6 10. Qxh6 Ng8 11. Qd2 Nge7 12. Nge2 d6 13. d4 0-0 14. h4 e5 15. dxc5 dxc5 16. Qh6 Nd4 17. h5 Qd6 18. f4 Rfd8 19. fxe5 Qxe5 20. Nxd4 cxd4 21. hxg6 hxg6 22. Qh7+ Kf8 23. Nd5 Bxd5 24. exd5 Nf5 25. Kb1 Rac8 26. Bh3 Ne3 27. Bxc8 Nxd1 28. Be6 Qg7 29. Qh8+ Qxh8 30. Rxh8+ Ke7 31. Rxd8 Kxd8 32. Bxf7 g5 33. Kc1 Ne3 34. Kd2 Ke7 35. Bg8 Kd6 36. Kd3 Nf5 37. Be6 Nxg3 38. Kxd4 Ne2+ 39. Ke4 Nf4 40. Bg8 Ng6 41. Bf7 Ne5 42. Be6 a5 43. a4 g4 44. Kf4 g3 45. Kxg3 Nc4 46. b3 Ne3 47. c4 Nf1+ 48. Kf4 Nd2 49. Bf5 Nxb3 50. Bc2 Nc5 51. Kf5 Nd7 52. Bd3 b5 53. cxb5 Kxd5 54. Bc2 1/2-1/2

[Event "Helsinki-ch 0102"]
[Site "Helsinki"]
[Date "2002.??.??"]
[Round "9"]
[White "Liitiainen, Elia"]
[Black "Porrasmaa, Timo"]
[Result "0-1"]
[WhiteElo "2177"]
[BlackElo "2212"]
[PlyCount "50"]
[EventDate "2001.12.??"]
[EventType "swiss"]
[EventRounds "9"]
[EventCountry "FIN"]
[SourceTitle "EXT 2004"]
[Source "ChessBase"]
[SourceDate "2003.11.25"]
[SourceVersion "1"]
[SourceVersionDate "2003.11.25"]
[SourceQuality "1"]

1. e4 d6 2. d4 Nf6 3. Nc3 g6 4. Nf3 Bg7 5. Be2 0-0 6. 0-0 c5 7. dxc5 dxc5 8. Bg5 Nc6 9. Bb5 Nd4 10. e5 Ng4 11. Nxd4 cxd4 12. Ne2 Qd5 13. c4 Qxe5 14. Bf4 Qf6 15. Qd2 e5 16. Bg5 Qd6 17. b4 h6 18. Bh4 g5 19. Bg3 f5 20. c5 Qe7 21. h3 Nf6 22. Rfe1 Ne4 23. Qd3 Nxg3 24. Nxg3 Be6 25. Rad1 Qf7 0-1

[Event "Heart of Finland op 12th"]
[Site "Jyvaskyla"]
[Date "2002.??.??"]
[Round "4"]
[White "Tonteri, Ari"]
[Black "Liitiainen, Elia"]
[Result "0-1"]
[WhiteElo "2022"]
[BlackElo "2180"]
[PlyCount "72"]
[EventDate "2002.09.??"]
[EventType "swiss"]
[EventRounds "9"]
[EventCountry "FIN"]
[SourceTitle "EXT 2004"]
[Source "ChessBase"]
[SourceDate "2003.11.25"]
[SourceVersion "1"]
[SourceVersionDate "2003.11.25"]
[SourceQuality "1"]

1. e4 d6 2. d4 Nf6 3. Nc3 g6 4. f4 Bg7 5. Nf3 0-0 6. Bd3 Na6 7. 0-0 c5 8. d5 Rb8 9. a4 Nb4 10. Bc4 Bg4 11. Kh1 e6 12. Be3 exd5 13. exd5 Re8 14. Bg1 a6 15. h3 Bf5 16. Rf2 Ne4 17. Nxe4 Rxe4 18. Bd3 Nxd3 19. cxd3 Rb4 20. d4 cxd4 21. Rd2 d3 22. Ne1 Bxb2 23. Rxb2 Rxb2 24. Nxd3 Bxd3 25. Qxd3 Rc8 26. Bd4 Rbc2 27. f5 Qg5 28. Qf3 Qxf5 29. Qe3 Qxd5 30. Rg1 R2c4 31. Bf6 Qe6 32. Qf2 Rc1 33. Rxc1 Rxc1+ 34. Kh2 Qf5 35. Qd4 Rf1 36. Bh4 Qf4+ 0-1

[Event "Helsinki ShakkiNet IM 3rd"]
[Site "Helsinki"]
[Date "2001.06.25"]
[Round "5"]
[White "Liitiainen, Elia"]
[Black "Gamback, Bjorn"]
[Result "1-0"]
[WhiteElo "2172"]
[BlackElo "2166"]
[PlyCount "101"]
[EventDate "2001.06.21"]
[EventType "swiss"]
[EventRounds "9"]
[EventCountry "FIN"]
[EventCategory "1"]
[SourceTitle "EXT 2002"]
[Source "ChessBase"]
[SourceDate "2001.11.25"]
[SourceVersion "1"]
[SourceVersionDate "2001.11.25"]
[SourceQuality "1"]

1. Nf3 c5 2. c4 Nf6 3. Nc3 e6 4. e3 d5 5. cxd5 exd5 6. d4 a6 7. Be2 Bd6 8. 0-0 0-0 9. b3 Nc6 10. Ba3 Qa5 11. Na4 Ne4 12. dxc5 Bxc5 13. Bxc5 Nxc5 14. Qxd5 Nxa4 15. Qxa5 Nxa5 16. bxa4 Bd7 17. Bd1 Nc4 18. Bb3 Rac8 19. Rfc1 Nb2 20. Ne5 Rxc1+ 21. Rxc1 Bxa4 22. Rc7 Bxb3 23. axb3 b5 24. g3 Rd8 25. Nxf7 Rd1+ 26. Kg2 Nd3 27. Ng5 g6 28. Nf3 b4 29. Rc6 a5 30. Ra6 Rb1 31. Nd4 Nc5 32. Rxa5 Nxb3 33. Nxb3 Rxb3 34. Rb5 Kf7 35. Rb7+ Ke6 36. Rxh7 Rc3 37. Rb7 b3 38. h4 Kd5 39. g4 Kc6 40. Rb8 Kd5 41. h5 gxh5 42. gxh5 Ke4 43. h6 Rc6 44. h7 Rg6+ 45. Kf1 b2 46. h8Q Kf3 47. Qh1+ Kg4 48. Qe4+ Kg5 49. Qf4+ Kh5 50. Rh8+ Rh6 51. Rxh6# 1-0

[Event "Helsinki ShakkiNet IM 3rd"]
[Site "Helsinki"]
[Date "2001.06.22"]
[Round "2"]
[White "Hamalainen, Sami"]
[Black "Liitiainen, Elia"]
[Result "0-1"]
[WhiteElo "2186"]
[BlackElo "2172"]
[PlyCount "76"]
[EventDate "2001.06.21"]
[EventType "swiss"]
[EventRounds "9"]
[EventCountry "FIN"]
[EventCategory "1"]
[SourceTitle "EXT 2002"]
[Source "ChessBase"]
[SourceDate "2001.11.25"]
[SourceVersion "1"]
[SourceVersionDate "2001.11.25"]
[SourceQuality "1"]

1. e4 Nf6 2. e5 Nd5 3. d4 d6 4. Nf3 g6 5. Bc4 c6 6. Bxd5 cxd5 7. Nc3 Nc6 8. Bf4 dxe5 9. dxe5 Be6 10. Qd2 Qa5 11. 0-0 Bg7 12. a3 Rd8 13. b4 Qc7 14. Nb5 Qd7 15. Nbd4 Nxd4 16. Nxd4 Rc8 17. Rfe1 0-0 18. Re3 Rc4 19. Rc3 Rfc8 20. Rxc4 Rxc4 21. Bg3 Qc7 22. Re1 Qb6 23. Nb3 h5 24. h4 Kh7 25. Nc5 Qc6 26. Nxe6 fxe6 27. Re2 Bh6 28. Qd3 Rc3 29. Qd1 Rxa3 30. c4 Qxc4 31. Rc2 Rc3 32. Rxc3 Qxc3 33. Qa4 d4 34. Qe8 d3 35. Qf7+ Bg7 36. Bf4 d2 37. Bxd2 Qxd2 38. Qxe6 Qe1+ 0-1

[Event "Nordic Cup-chT U18"]
[Site "Gausdal"]
[Date "2001.??.??"]
[Round "2"]
[White "Hansen, Victor"]
[Black "Liitiainen, Elia"]
[Result "1-0"]
[WhiteElo "2155"]
[BlackElo "2108"]
[PlyCount "57"]
[EventDate "2001.??.??"]
[EventType "team"]
[EventRounds "3"]
[EventCountry "NOR"]
[SourceTitle "EXT 2003"]
[Source "ChessBase"]
[SourceDate "2002.11.25"]
[SourceVersion "1"]
[SourceVersionDate "2002.11.25"]
[SourceQuality "1"]

1. Nf3 Nf6 2. g3 b6 3. Bg2 Bb7 4. c4 e6 5. 0-0 Be7 6. Nc3 0-0 7. d4 Ne4 8. Qc2 Nxc3 9. bxc3 Nc6 10. e4 Na5 11. Nd2 c5 12. Rd1 Rc8 13. d5 d6 14. Bh3 Qd7 15. Bb2 Ba6 16. dxe6 fxe6 17. e5 Bb7 18. exd6 Qxd6 19. Re1 Rf6 20. Ne4 Bxe4 21. Qxe4 Kf7 22. Rad1 Qc6 23. Bc1 Qxe4 24. Rxe4 h6 25. Bf4 g5 26. Be5 Rg6 27. Bg4 Rgg8 28. Bd6 Bxd6 29. Bxe6+ 1-0

[Event "Helsinki"]
[Site "Helsinki"]
[Date "2001.??.??"]
[Round "2"]
[White "Liitiainen, Elia"]
[Black "Hermlin, Aarne"]
[Result "1/2-1/2"]
[WhiteElo "2108"]
[BlackElo "2282"]
[PlyCount "76"]
[EventDate "2001.??.??"]
[EventType "tourn"]
[EventRounds "7"]
[EventCountry "FIN"]
[SourceTitle "EXT 2002"]
[Source "ChessBase"]
[SourceDate "2001.11.25"]
[SourceVersion "1"]
[SourceVersionDate "2001.11.25"]
[SourceQuality "1"]

1. e4 d5 2. exd5 Nf6 3. d4 Nxd5 4. Nf3 g6 5. Be2 Bg7 6. c4 Nb6 7. Nc3 0-0 8. Be3 Nc6 9. Qd2 Bg4 10. c5 Bxf3 11. Bxf3 Nc4 12. Qe2 Nxe3 13. fxe3 e5 14. d5 e4 15. Nxe4 Nb4 16. Rd1 a5 17. a3 Na6 18. Qc4 Bxb2 19. Rb1 Be5 20. Rxb7 Qh4+ 21. g3 Qh6 22. Kf2 Qh3 23. d6 cxd6 24. Nxd6 Bxd6 25. cxd6 Rac8 26. Qxa6 Rc2+ 27. Ke1 Qf5 28. Rf1 Qe5 29. Rb3 Rxh2 30. Be2 Qa1+ 31. Bd1 Qe5 32. Rg1 a4 33. Rd3 Qb2 34. Rf1 Qe5 35. Be2 Qa1+ 36. Bd1 Qe5 37. Be2 Qa1+ 38. Bd1 Qe5 1/2-1/2